000 00220 a2200097 4500
001 9342
100 _aChurchil. W S
245 _aA istory of the english speaking peoples.
260 _a
_bCassel
_c
090 _c7509
_d7509
942 _aNUST-CAE
_cM
_c34166
999 _c244415
_d244415